Guía de especies forestales de Nicaragua

Bibliographic Details
Main Author: Nicaragua
Format: Section = Libro
Language:Undetermined
Spanish
Published: Nicaragua MARENA 2002
Subjects:
LEADER 00507nam a2200193Ia 4500
008 240830s9999 xx 000 0 und d
020 |a 99924-34-17-1 
040 |a B-ESTELÍ- RUACS / 634.956 N583 
041 |a spa 
082 |a 634.956 N583 
100 1 |a Nicaragua 
245 1 0 |a Guía de especies forestales de Nicaragua 
260 |a Nicaragua  |b MARENA  |c 2002 
300 |a 316 p. 
650 7 |a ESPECIES FORESTALES - GUIA 
650 7 |b  REPRODUCCION DE BOSQUES 
942 |c BK  |2 ddc 
991 |a TEXTO 
999 |c 11349